000
00284nam a2200133Ia 4500
008
231017s9999 xx 000 0 und d
082
_a
388.11
082
_b
HIG
245
0
_a
Highlights of An Expert Panel
245
0
_c
G A O
260
_b
G A O
300
_c
30cm
942
_c
REP
999
_c
604318
_d
604318